| 000 | 01066cam a2200313 i 4500 | ||
|---|---|---|---|
| 001 | 30531 | ||
| 003 | Mx-PuUPA | ||
| 005 | 20250819131834.0 | ||
| 008 | 140415s1996 mau fr 000 0 eng d | ||
| 020 | _a1557866023 | ||
| 020 | _a1557866031 | ||
| 020 | _a9781557866035 | ||
| 040 |
_cMx-PuUPA _aMx-PuUPA _bspa _dMx-PuUPA _erda |
||
| 041 | 0 | _aeng | |
| 245 | 0 | 0 |
_aFrom modernism to postmodernism : _can anthology / _bcompiled by Lawrence Cahoone |
| 264 | 1 |
_aCambridge, Massachusetts : _bBlackwell Publishers, _c1996 |
|
| 300 |
_a731 páginas ; _c25 cm |
||
| 336 |
_2rdacontent _atexto _btxt |
||
| 337 |
_2rdamedia _asin medio _bn |
||
| 338 |
_2rdacarrier _avolumen _bnc |
||
| 650 | 7 |
_913986 _2armarc _aPosmodernismo |
|
| 650 | 7 |
_2armarc _aModernidad |
|
| 650 | 7 |
_2armarc _aFilosofía _ySiglo XX _vAntologías |
|
| 700 | 1 |
_aCahoone, Lawrence E., _d1954- _917117 _ecompilador |
|
| 942 |
_2ddc _cLI _h149.97 _iC32 |
||
| 999 |
_c30531 _d30531 |
||